Vocabulary Blitz XLII Quiz Stats

 Plays Quiz Updated Apr 30, 2018

Challenge
Share
Tweet
Embed
Score 0/5 Timer 01:00
2 Plays Today
% Correct
gruesome
94.2%
lissome
83.6%
winsome
82.3%
fulsome
74.7%
noisome
64.1%

You're not logged in!

Compare scores with friends on all Sporcle quizzes.
Join for Free
OR
Log In

You Might Also Like...

Show Comments

Extras

Top Quizzes Today


Score Distribution

Your Account Isn't Verified!

In order to create a playlist on Sporcle, you need to verify the email address you used during registration. Go to your Sporcle Settings to finish the process.

Report this User

Report this user for behavior that violates our Community Guidelines.

Details: